| 000 | 00621nam a22002057a 4500 | ||
|---|---|---|---|
| 003 | OSt | ||
| 005 | 20140310184524.0 | ||
| 008 | 131018t xxu||||| |||| 00| 0 eng d | ||
| 020 | _a0439343887 | ||
| 050 |
_aPZ 7 _b.B146Po 2001 |
||
| 100 |
_aBaglio, Ben M. _95246 |
||
| 245 |
_aPony in a package / _cBen M. Baglio ; illustrations by Ann Baum ; cover illustration by Mary Ann Lasher |
||
| 260 |
_aNew York : _bScholastic Inc., _c2001. |
||
| 300 |
_a141 p. : _bill. ; _c19 cm. |
||
| 521 | _aG3 | ||
| 526 | _c510 | ||
| 650 |
_aFiction _xJuvenile literature _xPony. _930049 |
||
| 942 |
_2lcc _cBK-SCHOLAS |
||
| 999 |
_c35083 _d35083 |
||